| 000 | 00593nam a2200169 4500 | ||
|---|---|---|---|
| 003 | LK-CoMWRAF | ||
| 005 | 20240126102912.0 | ||
| 008 | 231218b |||||||| |||| 00| 0 eng d | ||
| 040 |
_aLK-CoMWRAF _dLK-CoMWRAF _eLK-CoMWRAF |
||
| 041 | _asin | ||
| 082 |
_a305.42 _bEMA |
||
| 100 | _aඉමැනුවෙල්, සරලා | ||
| 245 | _aකාන්තාවන් සතු සාමය ගොඩනැංවීමේ මෙවලම් | ||
| 246 | _aKanthawan sathu samaya godananweeme mewalam | ||
| 260 |
_aකොළඹ : _bජාතික සාම මණ්ඩලය, |
||
| 942 | _cBK | ||
| 999 |
_c4517 _d4517 |
||